[Event "World Blitz 2023"]
[Site "Samarkand UZB"]
[Date "2023.12.30"]
[Round "17.20"]
[White "Pantsulaia, Levan"]
[Black "Grischuk, Alexander"]
[Result "1/2-1/2"]
[WhiteElo "2579"]
[BlackElo "2699"]
[EventDate "2023.12.29"]

1. c4 Nf6 2. Nc3 e5 3. Nf3 Nc6 4. e4 Bb4 5. d3 d6 6. h3 a5 7. Be2 O-O 8.
O-O Bc5 9. Be3 Nd4 10. Bxd4 exd4 11. Nb5 Nh5 12. Nbxd4 Nf4 13. Nc2 Qf6 14.
d4 Bxh3 15. Ne3 Qg6 16. Nh4 Qg5 17. dxc5 Qxh4 18. gxh3 Nxh3+ 19. Kg2 Nf4+
20. Kg1 Nh3+ 21. Kg2 Nf4+ 22. Kg1 1/2-1/2

[Event "World Blitz 2023"]
[Site "Samarkand UZB"]
[Date "2023.12.30"]
[Round "17.21"]
[White "Van Foreest, Jorden"]
[Black "Sjugirov, Sanan"]
[Result "1-0"]
[WhiteElo "2664"]
[BlackElo "2569"]
[EventDate "2023.12.29"]

1. e4 e5 2. Nf3 Nc6 3. Bb5 a6 4. Ba4 Nf6 5. O-O Be7 6. d3 b5 7. Bb3 d6 8.
c3 O-O 9. Bc2 Re8 10. Re1 Bf8 11. Bg5 h6 12. Bh4 Be7 13. a4 Bb7 14. Nbd2
Nh7 15. Bg3 Ng5 16. b4 Ne6 17. Bb3 Bf6 18. Nf1 Ne7 19. Ne3 Ng6 20. Qc2 c5
21. Bd5 Qd7 22. Bxb7 Qxb7 23. Nd5 Bg5 24. h4 Bf4 25. h5 Ngf8 26. Bh4 cxb4
27. cxb4 Rac8 28. Qe2 Bg5 29. Bxg5 hxg5 30. axb5 axb5 31. Qe3 Nf4 32. h6
Nxd5 33. Qxg5 Ne6 34. Qg3 Ndf4 35. hxg7 Ng6 36. Nh4 Nxh4 37. Qxh4 Nxg7 38.
Re3 Qe7 39. Qh6 Qe6 40. Qh4 Qg6 41. Rg3 Qh7 42. Qg4 Re6 43. Rh3 Qg6 44. Qh4
Nh5 45. Qxh5 Qxh5 46. Rxh5 Kg7 47. Rg5+ Kf6 48. Rf5+ Kg6 49. Ra7 Rf6 50. g4
Rc3 51. Ra8 Rxf5 52. gxf5+ Kf6 53. Rb8 Rxd3 54. Rxb5 Rd4 55. f3 Kg5 56. Kf2
Kf4 57. Ke2 Rc4 58. Rb7 f6 59. b5 Rc2+ 60. Kd3 Rb2 61. b6 Kxf3 62. Rb8 Rb4
63. b7 Kf4 64. Rf8 Rxb7 65. Rxf6 d5 66. exd5 e4+ 67. Kd4 Rb4+ 68. Kc5 Rb1
69. d6 Rc1+ 70. Kb6 Rd1 71. Kc7 Rc1+ 72. Kd8 Ke5 73. Ke7 Ra1 74. d7 Ra7 75.
Ra6 Rxd7+ 76. Kxd7 Kxf5 77. Re6 Kf4 78. Kd6 e3 79. Kd5 Kf3 80. Kd4 1-0

[Event "World Blitz 2023"]
[Site "Samarkand UZB"]
[Date "2023.12.30"]
[Round "17.22"]
[White "Vidit, Santosh Gujrathi"]
[Black "Dardha, Daniel"]
[Result "1-0"]
[WhiteElo "2642"]
[BlackElo "2568"]
[EventDate "2023.12.29"]

1. d4 d5 2. c4 dxc4 3. Nf3 Nf6 4. e3 a6 5. Bxc4 e6 6. O-O c5 7. Qe2 cxd4 8.
exd4 Nc6 9. Rd1 Be7 10. Nc3 O-O 11. Bf4 Nd5 12. Bg3 h6 13. Rac1 b6 14. Nxd5
exd5 15. Bd3 Bb7 16. Bb1 Rc8 17. h4 Qd7 18. Qd3 f5 19. Re1 Rce8 20. Ne5
Nxe5 21. Rxe5 Bc8 22. Qb3 Bf6 23. Bxf5 Qb7 24. Rxe8 Rxe8 25. Rc7 Qa8 26.
Bxc8 Rxc8 27. Rxc8+ Qxc8 28. Qxd5+ Kh7 29. Qe4+ Kh8 30. d5 Qc1+ 31. Kh2
Qxb2 32. a4 b5 33. axb5 Qxb5 34. d6 a5 35. Qa8+ Kh7 36. Qe4+ Kh8 37. Qe6
Qc6 38. Qf7 a4 39. d7 Kh7 40. Qe8 Qd5 1-0

[Event "World Blitz 2023"]
[Site "Samarkand UZB"]
[Date "2023.12.30"]
[Round "17.24"]
[White "Suleymanli, Aydin"]
[Black "Riazantsev, Alexander"]
[Result "0-1"]
[WhiteElo "2553"]
[BlackElo "2621"]
[EventDate "2023.12.29"]

1. e4 c5 2. Nf3 e6 3. d4 cxd4 4. Nxd4 Nf6 5. Nc3 Nc6 6. Nxc6 bxc6 7. e5 Nd5
8. Ne4 Qc7 9. f4 a5 10. c4 Bb4+ 11. Ke2 O-O 12. a3 Be7 13. cxd5 cxd5 14.
Nc3 f6 15. exf6 Rxf6 16. g3 Rb8 17. Kf2 Bc5+ 18. Kg2 Bb7 19. Bd3 e5 20. Re1
e4 21. Bf1 e3 22. Nxd5 Qd6 23. Bc4 Rf5 24. Bxe3 Rxd5 25. Bxd5+ Bxd5+ 26.
Kg1 Rxb2 27. Rc1 Rg2+ 28. Kf1 Qa6+ 29. Re2 Bf3 30. Qb3+ d5 31. Qb8+ Bf8 32.
Rc2 Rxe2 33. Bc5 Rxc2+ 34. Kg1 Rxc5 0-1

[Event "World Blitz 2023"]
[Site "Samarkand UZB"]
[Date "2023.12.30"]
[Round "17.1"]
[White "Bocharov, Dmitry"]
[Black "Niemann, Hans Moke"]
[Result "1-0"]
[WhiteElo "2482"]
[BlackElo "2614"]
[EventDate "2023.12.29"]

1. c4 Nf6 2. g3 g6 3. Bg2 Bg7 4. Nc3 O-O 5. d4 d6 6. Nf3 Nc6 7. O-O Bg4 8.
d5 Na5 9. Nd2 c5 10. h3 Bd7 11. Qc2 e6 12. dxe6 Bxe6 13. b3 d5 14. cxd5
Nxd5 15. Bb2 Nb4 16. Qc1 Rc8 17. Nce4 Bxb2 18. Qxb2 Qd4 19. Qc1 Qd8 20. a3
1-0

[Event "World Blitz 2023"]
[Site "Samarkand UZB"]
[Date "2023.12.30"]
[Round "17.2"]
[White "Christiansen, Johan-Sebastian"]
[Black "Petrosian, Tigran L."]
[Result "0-1"]
[WhiteElo "2541"]
[BlackElo "2610"]
[EventDate "2023.12.29"]

1. Nf3 d6 2. c4 e5 3. Nc3 f5 4. d4 e4 5. Bg5 Be7 6. Bxe7 Qxe7 7. Ng1 Nf6 8.
e3 O-O 9. Nge2 Be6 10. Nf4 Bf7 11. h4 c5 12. Be2 Nc6 13. Qd2 Rad8 14. Rd1
b6 15. h5 Nb8 16. Ncd5 Nxd5 17. cxd5 Nd7 18. Bc4 Nf6 19. dxc5 bxc5 20. b3
Qe5 21. Kf1 g5 22. hxg6 hxg6 23. Qa5 Rd7 24. Qb5 Re7 25. Qc6 Rd8 26. g3 g5
27. Ne6 Bxe6 28. dxe6 f4 29. gxf4 gxf4 30. Rg1+ Kf8 31. Rg2 f3 32. Rg1 a5
33. a4 Qb2 34. Qb6 Rde8 35. Rh1 d5 36. Bb5 c4 37. Qd6 Qe2+ 38. Kg1 Qxd1+
39. Kh2 Ng4+ 40. Kg3 Qxh1 41. Qf4+ Kg8 42. Bxe8 Qg2+ 43. Kh4 Qh2+ 44. Qxh2
Nxh2 0-1

[Event "World Blitz 2023"]
[Site "Samarkand UZB"]
[Date "2023.12.30"]
[Round "17.3"]
[White "Makhnev, Denis"]
[Black "Jobava, Baadur"]
[Result "0-1"]
[WhiteElo "2528"]
[BlackElo "2599"]
[EventDate "2023.12.29"]

1. d4 d5 2. c4 dxc4 3. Nf3 Nf6 4. e3 Bg4 5. Bxc4 e6 6. h3 Bh5 7. Nc3 Nc6 8.
Bb5 Be7 9. g4 Bg6 10. Ne5 O-O 11. Nxc6 bxc6 12. Bxc6 Rb8 13. O-O Nd5 14.
Qf3 Nb4 15. Be4 f5 16. gxf5 Bxf5 17. Bxf5 Rxf5 18. Qe4 Qd7 19. f4 Nd5 20.
Ne2 c5 21. Qf3 Rf6 22. Kh1 cxd4 23. Nxd4 Nxf4 24. exf4 Qxd4 25. Be3 Qxb2
26. Rad1 Qxa2 27. Rd7 Bf8 28. Rxa7 Qc4 29. Rd7 Rb3 30. Re1 Rxf4 31. Rxg7+
Bxg7 32. Qxf4 Qd5+ 33. Kg1 Qd3 34. Qg4 Qg6 35. Qxg6 hxg6 36. Kg2 Bf6 37.
Bf2 Kf7 38. Rc1 Be5 39. Rc5 Kf6 40. Rc4 Kf5 41. Rg4 Rb2 42. Kf3 Rb3+ 43.
Kg2 Bf4 44. Rh4 Rb2 45. Kf3 e5 46. Kg2 Be3 0-1

[Event "World Blitz 2023"]
[Site "Samarkand UZB"]
[Date "2023.12.30"]
[Round "17.4"]
[White "Giri, Anish"]
[Black "Daneshvar, Bardiya"]
[Result "1/2-1/2"]
[WhiteElo "2731"]
[BlackElo "2483"]
[EventDate "2023.12.29"]

1. e4 c5 2. Nf3 g6 3. c3 d5 4. exd5 Qxd5 5. d4 Bg7 6. Nbd2 cxd4 7. Bc4 Qc5
8. Nxd4 Nf6 9. O-O O-O 10. Qe2 a6 11. Bb3 e5 12. N4f3 Nc6 13. Re1 Bf5 14.
Ng5 Qe7 15. Nde4 Nxe4 16. Nxe4 h6 17. f3 Na5 18. Bc2 Rac8 19. b3 Bxe4 20.
Bxe4 Rxc3 21. Bd2 Rc7 22. Rac1 Nc6 23. Bxc6 bxc6 24. Qxa6 Ra7 25. Qxc6 Rxa2
26. Rc2 Rxc2 27. Qxc2 Qb7 28. b4 Rc8 29. Qd3 Qb6+ 30. Qe3 Qb5 31. h3 Rc2
32. Re2 Bf8 33. Qe4 Rb2 34. Kf2 Bxb4 35. Bxb4 Rxe2+ 36. Qxe2 Qxb4 37. Qxe5
h5 38. Kg1 Qb6+ 39. Kh2 Qd8 40. Qf4 Qe7 41. h4 Qe6 42. Qd4 Qe7 43. Kg3 Qc7+
44. Kf2 Qc2+ 45. Kg1 Qc1+ 46. Kh2 Qc7+ 47. Kh3 Qc8+ 48. Kh2 Qc7+ 1/2-1/2

[Event "World Blitz 2023"]
[Site "Samarkand UZB"]
[Date "2023.12.30"]
[Round "17.5"]
[White "Korobov, Anton"]
[Black "Ivic, Velimir"]
[Result "1-0"]
[WhiteElo "2649"]
[BlackElo "2542"]
[EventDate "2023.12.29"]

1. c4 e5 2. d3 Bb4+ 3. Nd2 c5 4. Nf3 Nc6 5. e3 d6 6. Be2 f5 7. O-O Nf6 8.
g3 O-O 9. Nb3 Ba5 10. Nxa5 Qxa5 1-0

[Event "World Blitz 2023"]
[Site "Samarkand UZB"]
[Date "2023.12.30"]
[Round "17.6"]
[White "Matlakov, Maxim"]
[Black "Kovalev, Vladislav"]
[Result "1/2-1/2"]
[WhiteElo "2638"]
[BlackElo "2539"]
[EventDate "2023.12.29"]

1. d4 Nf6 2. c4 e6 3. g3 d5 4. Bg2 dxc4 5. Nf3 Bb4+ 6. Bd2 a5 7. a3 Be7 8.
Qa4+ Bd7 9. Qxc4 Bc6 10. Nc3 O-O 11. Rc1 Nbd7 12. O-O Qb8 13. Qd3 Rd8 14.
Qc2 b5 15. Nb1 Be4 16. Qxc7 Qxc7 17. Rxc7 Bd6 18. Rcc1 b4 19. Bf4 Bf8 20.
axb4 axb4 21. Nbd2 Bd5 22. Rfe1 Ra2 23. e4 Bb7 24. Rc7 Ba8 25. b3 h6 26. h3
g5 27. Be3 Nxe4 28. Nxe4 Bxe4 29. Rec1 Bd5 30. Nd2 Bxg2 31. Kxg2 Nf6 32.
Nc4 Nd5 33. Rb7 Rc8 34. Re1 Raa8 35. Ne5 Rc7 36. Rxc7 Nxc7 37. Bd2 Nd5 38.
Kf3 Ra3 39. Rb1 Kg7 40. Nc4 Ra2 41. h4 Be7 42. hxg5 hxg5 43. Rh1 Bf6 44.
Ke4 Be7 45. Kd3 g4 46. Re1 Ra8 47. Re4 Nf6 48. Re5 Rd8 49. Rg5+ Kh7 50. Ne5
Nd5 51. Rxg4 f5 52. Rg6 Bf6 53. Rh6+ Kg7 54. Ke2 f4 55. Rh1 fxg3 56. fxg3
Rc8 57. Kd3 Ra8 58. Nd7 Ra3 59. Nc5 Ra2 60. Nxe6+ Kf7 61. Re1 Rb2 62. Nc5
Bxd4 63. Rf1+ Kg6 64. Kxd4 Rxd2+ 65. Ke5 Ne3 66. Rf6+ Kh7 67. Rf7+ Kg6 68.
Rd7 Rxd7 69. Nxd7 Kg5 70. Nc5 Kg4 71. Ne4 Nc2 72. Kd5 Kf3 73. Nc5 Kxg3 74.
Ke4 1/2-1/2

[Event "World Blitz 2023"]
[Site "Samarkand UZB"]
[Date "2023.12.30"]
[Round "17.7"]
[White "Petrosyan, Manuel"]
[Black "Sanal, Vahap"]
[Result "1-0"]
[WhiteElo "2556"]
[BlackElo "2637"]
[EventDate "2023.12.29"]

1. d4 d6 2. Nf3 Nf6 3. Nc3 Nbd7 4. e4 e5 5. g3 Be7 6. Bg2 c6 7. a4 O-O 8.
O-O Re8 9. Re1 Bf8 10. h3 Qc7 11. b3 exd4 12. Nxd4 Ne5 13. Bb2 Bd7 14. Qd2
Rad8 15. Rad1 a6 16. Kh2 b5 17. axb5 axb5 18. f4 Ng6 19. Qd3 h5 20. Nf5 b4
21. Ne2 d5 22. Bxf6 gxf6 23. exd5 cxd5 24. Ned4 h4 25. Rf1 Bc5 26. Bxd5 Kf8
27. Nxh4 Nxh4 28. Qh7 Bc8 29. Nc6 Rxd5 30. Qh8# 1-0

[Event "World Blitz 2023"]
[Site "Samarkand UZB"]
[Date "2023.12.30"]
[Round "17.8"]
[White "Guseinov, Gadir"]
[Black "Sargsyan, Shant"]
[Result "1/2-1/2"]
[WhiteElo "2563"]
[BlackElo "2633"]
[EventDate "2023.12.29"]

1. e4 e5 2. Nf3 Nc6 3. d4 exd4 4. Bc4 Nf6 5. e5 Ne4 6. Qe2 Nc5 7. c3 d3 8.
Qe3 Be7 9. O-O O-O 10. b4 Ne6 11. Rd1 d6 12. Bxd3 Qe8 13. Qe4 g6 14. exd6
Bxd6 15. Bh6 Ng7 16. Qh4 Be7 17. Bg5 h5 18. Nbd2 Bg4 19. h3 Bxg5 20. Qxg5
Bxf3 21. Nxf3 Kh7 22. Qf6 Qe7 23. Qf4 Rad8 24. Ng5+ Kg8 25. Ne4 Ne6 26. Qh6
Ne5 27. Bc2 Rxd1+ 28. Rxd1 Rd8 29. Re1 Nd7 30. Bb3 Qf8 31. Qe3 Re8 32. Ng5
Nf6 33. Nxe6 fxe6 34. Qxa7 Qd6 35. Qxb7 Kg7 36. Rd1 Qf4 37. Qc6 Re7 38. a4
Ne4 39. Rf1 Nd2 40. Qc5 Rf7 41. Rd1 Nxb3 42. Qe3 Qxe3 43. fxe3 c5 44. a5
cxb4 45. cxb4 Rb7 46. a6 Rxb4 47. Rb1 Kf6 48. a7 Ra4 49. Rxb3 Ke5 1/2-1/2

[Event "World Blitz 2023"]
[Site "Samarkand UZB"]
[Date "2023.12.30"]
[Round "17.9"]
[White "Tsydypov, Zhamsaran"]
[Black "Grigoriants, Sergey"]
[Result "1-0"]
[WhiteElo "2626"]
[BlackElo "2532"]
[EventDate "2023.12.29"]

1. d4 Nf6 2. Nc3 d5 3. Bf4 c6 4. e3 Bf5 5. f3 e6 6. g4 Bg6 7. h4 h6 8. h5
Bh7 9. Qd2 Bd6 10. O-O-O Qc7 11. Qh2 Bxf4 12. exf4 Nbd7 13. Kb1 O-O-O 14.
Nh3 Kb8 15. Nf2 a6 16. Bd3 c5 17. Bxh7 Rxh7 18. Rhe1 Rhh8 19. Ne2 Rc8 20.
c3 Ka8 21. Nd3 Rhd8 22. Qf2 c4 23. Ne5 Nb6 24. Ng3 Na4 25. f5 Rd6 26. Ka1
b5 27. Qc2 Rb8 28. f4 Rdb6 29. g5 Ne8 30. Re3 Nd6 31. fxe6 fxe6 32. Ng4 Nf5
33. Nxf5 exf5 34. Qxf5 b4 35. Qxd5+ R8b7 36. cxb4 Rxb4 37. Re8+ Ka7 38. Ne5
Nxb2 39. Qc5+ Qxc5 40. dxc5 Rc7 41. Rdd8 1-0

[Event "World Blitz 2023"]
[Site "Samarkand UZB"]
[Date "2023.12.30"]
[Round "17.10"]
[White "Bharath, Subramaniyam H"]
[Black "Vokhidov, Shamsiddin"]
[Result "1-0"]
[WhiteElo "2435"]
[BlackElo "2588"]
[EventDate "2023.12.29"]

1. d4 Nf6 2. Bf4 d5 3. e3 c5 4. Nd2 Nc6 5. c3 e6 6. Ngf3 cxd4 7. exd4 Nh5
8. Be3 Bd6 9. Bd3 Nf4 10. Bxf4 Bxf4 11. O-O O-O 12. Re1 Qc7 13. g3 Bh6 14.
Rc1 Bd7 15. h4 Rae8 16. Qe2 f6 17. c4 Kh8 18. Bb1 dxc4 1-0

[Event "World Blitz 2023"]
[Site "Samarkand UZB"]
[Date "2023.12.30"]
[Round "17.11"]
[White "Dreev, Aleksey"]
[Black "Pranesh, M"]
[Result "1-0"]
[WhiteElo "2599"]
[BlackElo "2481"]
[EventDate "2023.12.29"]

1. d4 d5 2. c4 e6 3. Nc3 Nf6 4. cxd5 exd5 5. Bg5 Bb4 6. e3 h6 7. Bxf6 Qxf6
8. Qa4+ Nc6 9. Rc1 O-O 10. Nf3 Qg6 11. Qb3 Be6 12. a3 Bxc3+ 13. Qxc3 Ne7
14. Ne5 Qg5 15. h4 Qf6 16. Be2 Nf5 17. g3 Nd6 18. O-O c6 19. Bd3 Rfe8 20.
Kg2 Bf5 21. Bxf5 Qxf5 22. Qc2 Qe6 23. Rce1 Re7 24. h5 Rae8 25. Rh1 Nf5 26.
b3 Nd6 27. a4 a6 28. Rh4 Qc8 29. Rf4 f6 30. Ng6 Re4 31. Rxe4 Nxe4 32. f3
Ng5 33. g4 Nf7 34. Nh4 Nd6 35. Nf5 Nxf5 36. Qxf5 Qd8 37. Qg6 Kf8 38. Kf2
Qd6 39. f4 Qb4 40. Re2 Qxb3 41. g5 fxg5 42. fxg5 hxg5 43. Kg2 Ke7 44. Qxg7+
Kd8 45. h6 Qd3 46. Qxg5+ Kc8 47. Rf2 Qe4+ 48. Rf3 Qc2+ 49. Kg3 Qb1 50. Qf5+
Qxf5 51. Rxf5 Rh8 52. Rf6 Kc7 53. a5 b5 54. Kg4 b4 55. Kg5 b3 56. Rf2 c5
57. dxc5 Kc6 58. Rb2 Rb8 59. h7 Kxc5 60. Rxb3 Rxb3 61. h8=Q Rxe3 62. Qb8
Re6 63. Kf5 Rc6 64. Ke5 d4 65. Qb3 Rh6 66. Qc2+ Kb5 67. Qd3+ Kc5 68. Qc2+
Kb5 69. Qb2+ Ka4 70. Qxd4+ Kb5 71. Qb2+ Ka4 72. Qa2+ Kb5 73. Qd5+ Ka4 74.
Kd4 Rh2 75. Kc5 Rb2 76. Qd4+ Ka3 77. Qxb2+ Kxb2 78. Kb6 Kb3 79. Kxa6 1-0

[Event "World Blitz 2023"]
[Site "Samarkand UZB"]
[Date "2023.12.30"]
[Round "17.12"]
[White "Fedoseev, Vladimir"]
[Black "Moiseenko, Alexander"]
[Result "1-0"]
[WhiteElo "2719"]
[BlackElo "2556"]
[EventDate "2023.12.29"]

1. d4 Nf6 2. c4 e6 3. Nc3 Bb4 4. e3 b6 5. Ne2 Ne4 6. Bd2 Nxd2 7. Qxd2 O-O
8. a3 Be7 9. Nf4 c6 10. h4 d6 11. Nd3 Nd7 12. g4 e5 13. d5 Bb7 14. g5 cxd5
15. Nxd5 Bxd5 16. cxd5 Rc8 17. Nb4 Nc5 18. Qc2 f5 19. Nc6 Qd7 20. b4 Ne4
21. Bh3 Qe8 22. Bxf5 Rxf5 23. Nxe7+ Qxe7 24. Qxc8+ Rf8 25. Qe6+ Qxe6 26.
dxe6 Rxf2 27. Rf1 Rc2 28. e7 Rc8 29. Rf8+ Rxf8 30. exf8=Q+ Kxf8 31. Rc1 Kf7
32. Rc7+ Kg6 33. Rxa7 d5 34. Rb7 d4 35. exd4 exd4 36. Ke2 Kh5 37. Rxg7 Kxh4
38. Rxh7+ Kxg5 39. Kd3 Nd6 40. Rd7 Nf5 41. Rb7 1-0

[Event "World Blitz 2023"]
[Site "Samarkand UZB"]
[Date "2023.12.30"]
[Round "17.14"]
[White "Mitrabha, Guha"]
[Black "Iturrizaga Bonelli, Eduardo"]
[Result "*"]
[WhiteElo "2512"]
[BlackElo "2645"]
[EventDate "2023.12.29"]

1. Nf3 Nf6 2. c4 b6 3. g3 Bb7 4. Bg2 c5 5. O-O e6 6. b3 g6 7. Bb2 Bg7 8. d4
O-O 9. dxc5 bxc5 10. Nc3 Qe7 11. Nb5 Ne8 12. Bxg7 Kxg7 13. Qd2 a6 14. Nc3
d6 15. h4 Nd7 16. Rad1 Ndf6 17. Qb2 Kg8 18. Rd2 Ng7 19. Rfd1 Rfd8 20. Ng5
Bxg2 21. Kxg2 h6 22. Nge4 Nfe8 23. f3 Rab8 24. Rd3 f5 25. Nf2 Nf6 26. Qd2
Nge8 27. Qxh6 Kf7 28. Nh3 Qf8 29. Ng5+ Ke7 30. Qxf8+ *

[Event "World Blitz 2023"]
[Site "Samarkand UZB"]
[Date "2023.12.30"]
[Round "17.15"]
[White "Nogerbek, Kazybek"]
[Black "Fressinet, Laurent"]
[Result "1/2-1/2"]
[WhiteElo "2488"]
[BlackElo "2636"]
[EventDate "2023.12.29"]

1. d4 d5 2. Nf3 Nf6 3. c4 e6 4. Nc3 Be7 5. Bg5 h6 6. Bxf6 Bxf6 7. e3 O-O 8.
Rc1 dxc4 9. Bxc4 c5 10. Ne4 Nd7 11. Nxf6+ Qxf6 12. Bb5 Rd8 13. O-O cxd4 14.
Qxd4 Qxd4 15. Nxd4 Nf6 16. h3 Rb8 17. Rfd1 Bd7 18. Bxd7 Rxd7 19. Nb5 Rxd1+
20. Rxd1 a6 21. Nc3 Rc8 22. Rd6 Kf8 23. Kf1 Ke7 24. Rb6 Rc7 25. a4 Nd7 26.
Rb4 Ne5 27. Ke2 f5 28. f4 Nc6 29. Rc4 Kd7 30. b4 Ne7 31. Kd3 Rxc4 32. Kxc4
Kd6 33. a5 g5 34. g3 Nc6 35. Na4 Kc7 36. Nc5 Nd8 37. fxg5 hxg5 38. h4 gxh4
39. gxh4 Kd6 40. h5 Ke7 41. b5 e5 42. Kd5 f4 43. exf4 exf4 44. Ke4 axb5 45.
Kxf4 Nc6 46. Nxb7 b4 47. Nc5 Nxa5 48. Kg5 Kf7 49. h6 Kg8 50. Kg6 Nc6 51.
h7+ Kh8 52. Kh6 Ne5 53. Nb3 Nf7+ 54. Kg6 Ne5+ 55. Kf5 Nd3 56. Ke4 Nb2 57.
Kd4 Kxh7 58. Kc5 Kg6 59. Kxb4 Nc4 60. Kxc4 1/2-1/2

[Event "World Blitz 2023"]
[Site "Samarkand UZB"]
[Date "2023.12.30"]
[Round "17.16"]
[White "Haldorsen, Benjamin"]
[Black "Anton Guijarro, David"]
[Result "1/2-1/2"]
[WhiteElo "2405"]
[BlackElo "2616"]
[EventDate "2023.12.29"]

1. e4 c6 2. d4 d5 3. e5 Bf5 4. Ne2 e6 5. Ng3 Bg6 6. h4 h6 7. h5 Bh7 8. Bd3
Bxd3 9. cxd3 c5 10. dxc5 Bxc5 11. d4 Bb6 12. Qg4 Ne7 13. Nc3 Nbc6 14. Be3
Qd7 15. Qxg7 Rg8 16. Qxh6 Nxd4 17. O-O-O Ndf5 18. Nxf5 Nxf5 19. Qf4 d4 20.
g4 Qc6 21. gxf5 O-O-O 22. Kb1 dxc3 23. Rxd8+ Rxd8 24. Rc1 Kb8 25. Rxc3 Qh1+
26. Rc1 Qxh5 27. Bxb6 axb6 28. fxe6 Qg6+ 29. Ka1 fxe6 30. a3 Qd3 31. Qb4
Qd2 32. Qxd2 Rxd2 33. f4 Rd4 34. Rf1 b5 35. Ka2 b4 36. axb4 Rxb4 37. b3 Kc7
38. Kb2 Kb6 39. Kc3 Re4 40. f5 exf5 41. Rxf5 Kc6 42. Rf6+ Kd5 43. Rb6 Rxe5
44. Rxb7 Kc6 45. Rg7 Re4 46. b4 Rh4 47. Kb3 Kb6 48. Rg6+ Kb5 49. Rg5+ Kb6
50. Ka4 Rh6 51. Rb5+ Ka6 52. Rg5 Kb6 53. Rg4 Ka6 54. b5+ Kb6 55. Kb4 Rf6
1/2-1/2

[Event "World Blitz 2023"]
[Site "Samarkand UZB"]
[Date "2023.12.30"]
[Round "17.17"]
[White "Esipenko, Andrey"]
[Black "Rakhmanov, Aleksandr"]
[Result "1/2-1/2"]
[WhiteElo "2615"]
[BlackElo "2521"]
[EventDate "2023.12.29"]

1. e4 c5 2. Nf3 Nf6 3. e5 Nd5 4. Nc3 Nxc3 5. dxc3 Nc6 6. Bf4 Qc7 7. Qd2 e6
8. O-O-O h6 9. h4 Rb8 10. h5 b5 11. c4 b4 12. Bd3 Qa5 13. Kb1 Rb6 14. b3
Ra6 15. a4 bxa3 16. Qxa5 Rxa5 17. c3 Be7 18. Ka2 f6 19. Bg6+ Kd8 20. exf6
Bxf6 21. Rd3 Rf8 22. Bd6 Be7 23. Bg3 Ra6 24. Re1 Rb6 25. Kxa3 Na5 26. Nd2
Bb7 27. Kb2 Bg5 28. Ra1 Bxd2 29. Rxa5 Bf4 30. Bh4+ Bg5 31. Bxg5+ hxg5 32.
f3 g4 33. fxg4 Rf2+ 34. Ka3 Rxg2 35. Rxc5 Rxg4 36. b4 Ra6+ 37. Kb3 Rg2 38.
Rd1 Rga2 39. b5 R6a3+ 40. Kb4 Ra4+ 41. Kb3 R4a3+ 42. Kb4 a5+ 43. bxa6 Rxa6
44. Re5 Ke7 45. Re3 d6 46. c5 Bd5 47. cxd6+ Rxd6 48. c4 Rb6+ 49. Kc3 Ra3+
50. Kd4 Rxe3 51. Kxe3 Bxc4 52. Be4 Rb3+ 53. Kd4 Be2 54. Rg1 Kf8 55. Rg5
Rb4+ 56. Ke3 Bd1 57. Bg6 Rb3+ 58. Kd4 Rb4+ 59. Kc5 Ra4 60. Kd6 Ra6+ 61. Kd7
Ba4+ 62. Kd8 Ra8+ 63. Kc7 Be8 64. Bd3 Bf7 65. Bc4 Ra1 66. Kd6 Rd1+ 67. Kc5
Rc1 68. Kb4 Re1 69. Kc3 Re3+ 70. Kd4 Rf3 71. Be2 Rf2 72. Bg4 Rf1 73. Ke5
Re1+ 74. Kf4 Bg8 75. Ra5 Bh7 76. Kg5 Rc1 77. Ra8+ Kf7 78. Ra7+ Kf8 79. Bxe6
Rc5+ 80. Kg4 Bc2 81. Rf7+ Ke8 82. Rxg7 Bd1+ 83. Kf4 Bxh5 84. Rg5 1/2-1/2

[Event "World Blitz 2023"]
[Site "Samarkand UZB"]
[Date "2023.12.30"]
[Round "17.18"]
[White "Grebnev, Aleksey"]
[Black "Sychev, Klementy"]
[Result "0-1"]
[WhiteElo "2404"]
[BlackElo "2583"]
[EventDate "2023.12.29"]

1. d4 d5 2. c4 dxc4 3. Nf3 Nf6 4. e3 e6 5. Bxc4 a6 6. O-O Nbd7 7. a4 c5 8.
Nc3 Qc7 9. Qe2 Bd6 10. h3 O-O 11. Rd1 b6 12. d5 Ne5 13. Nxe5 Bxe5 14. dxe6
Bxe6 15. Bxe6 fxe6 16. Bd2 c4 17. Rac1 Qc6 18. Nb1 b5 19. axb5 axb5 20. b3
Ra2 21. bxc4 b4 22. Qd3 Ne4 23. f3 Nc5 24. Qf1 Nb3 25. Bxb4 Nxc1 26. Rxc1
Rb8 27. Bc3 Qc5 28. Qe1 h6 29. Bxe5 Qxe5 30. Nc3 Rab2 31. c5 Qg5 32. Qf1
Rxg2+ 33. Qxg2 Qxe3+ 34. Kh2 Qf4+ 35. Qg3 Rb2+ 0-1

[Event "World Blitz 2023"]
[Site "Samarkand UZB"]
[Date "2023.12.30"]
[Round "17.19"]
[White "Vasquez Schroeder, Rodrigo"]
[Black "Petrov, Nikita"]
[Result "1/2-1/2"]
[WhiteElo "2582"]
[BlackElo "2521"]
[EventDate "2023.12.29"]

1. e4 e5 2. Nf3 Nc6 3. Bb5 a6 4. Ba4 Bc5 5. O-O d6 6. c3 Bg4 7. h3 Bh5 8.
d3 Ne7 9. Be3 Bxe3 10. fxe3 O-O 11. Qe1 f6 12. Nbd2 Kh8 13. Kh2 Bf7 14. Bb3
Bxb3 15. axb3 d5 16. Qe2 Qd7 17. b4 Rad8 18. Rad1 Qe6 19. exd5 Nxd5 20. g3
Nce7 21. e4 Nb6 22. Nc4 Rfe8 23. Nxb6 Qxb6 24. Nd2 Qe6 25. Nc4 Rd7 26. Rd2
Red8 27. Rfd1 Nc8 28. Ne3 Ne7 29. Qg4 Qb3 30. Nc4 Qa4 31. h4 Qc6 32. Kg2
Ng8 33. Qf3 Nh6 34. Ne3 Qe6 35. Nd5 c6 36. Ne3 Nf7 37. Qf5 Qe8 38. Qf3 Qe6
39. Qf5 Qe8 40. Qf3 1/2-1/2

[Event "World Blitz 2023"]
[Site "Samarkand UZB"]
[Date "2023.12.30"]
[Round "17.20"]
[White "Tsaruk, Maksim"]
[Black "Yakubboev, Nodirbek"]
[Result "0-1"]
[WhiteElo "2378"]
[BlackElo "2582"]
[EventDate "2023.12.29"]

1. Nf3 Nf6 2. g3 g6 3. Bg2 Bg7 4. O-O O-O 5. d4 d6 6. b3 e5 7. dxe5 Nfd7 8.
Bb2 Nc6 9. Qc1 dxe5 10. Rd1 Re8 11. e4 b6 12. Na3 Qe7 13. Nc4 Nc5 14. Qe3
Bg4 15. Rd5 Bxf3 16. Bxf3 Nd4 17. Rd1 Nxc2 18. Qd2 Nd4 19. Bxd4 exd4 20. e5
Rad8 21. Qxd4 Ne6 22. Qe3 a6 23. a4 Rxd5 24. Rxd5 Qb4 25. Rd7 b5 26. axb5
axb5 27. Nd2 Re7 28. Rxe7 Qxe7 29. Bd5 Qd7 30. Bxe6 Qxe6 31. f4 f6 32. Nf3
fxe5 33. fxe5 Bf8 34. Ng5 Qd5 35. e6 Bc5 0-1

[Event "World Blitz 2023"]
[Site "Samarkand UZB"]
[Date "2023.12.30"]
[Round "17.21"]
[White "Tari, Aryan"]
[Black "Bai, Jinshi"]
[Result "0-1"]
[WhiteElo "2577"]
[BlackElo "2516"]
[EventDate "2023.12.29"]

1. e4 c5 2. Nf3 e6 3. d4 cxd4 4. Nxd4 a6 5. g3 Nc6 6. Bg2 Qc7 7. O-O Nf6 8.
Nxc6 dxc6 9. a4 e5 10. Nd2 Bg4 11. Qe1 Bc5 12. Nb3 Ba7 13. Be3 Bxe3 14.
Qxe3 O-O 15. h3 Be6 16. Nc5 Bc8 17. a5 Re8 18. b4 Nd7 19. Na4 Nf8 20. Rfd1
Be6 21. Qb6 Qxb6 22. axb6 Rad8 23. Nc5 Bc8 24. c4 Ne6 25. Nxe6 Bxe6 26. c5
Bc4 27. f4 f6 28. Kf2 Kf7 29. Ke3 Ke7 30. h4 Bb3 31. Rxd8 Rxd8 32. Bf1 Rd4
33. Rb1 Be6 34. Bd3 Bc4 35. Bc2 Bb5 36. f5 Rc4 37. Kd2 Rd4+ 38. Ke3 Rc4 39.
Kd2 a5 40. bxa5 Rxc5 41. Ra1 Kd6 42. Bb3 Ba6 43. Be6 Rb5 44. Kc3 Kc5 45. g4
Rb4 46. g5 Rxe4 47. gxf6 gxf6 48. Rg1 Rxh4 49. Rg7 Rh3+ 50. Kd2 e4 51. Re7
e3+ 52. Kc2 e2 53. Bc8 Rh1 54. Bxb7 Bxb7 55. Rxe2 Kb5 56. Re7 Ka6 57. Rf7
Rf1 58. Rxf6 Kxa5 59. Kd3 Kxb6 60. Ke2 Rf4 61. Ke3 Rf1 62. Rf7 h5 63. Ke4
Bc8 64. f6 Be6 65. Rf8 Rf5 66. Kd4 0-1